1095 1349 1668 1772 1221 1242 1693 1622 1585 1958 1632 1814 1592 1750 1158 1186 1885 1587 1330 1011 1968 1794 1459 1430 1289 1127 1020 1180 1059 1170 1176 1471 1893 1614 1417 1775 1880 1044 1984 1382 1864 1193 1451 1496 1304 1728 1023 1542 1256 1138 1781 1057 1482 2000 1578 1738 1893 1325 1305 1854 1487 1090 1780 1426 1789 1709 1478 1230 1869 1425 1612 1888 1093 1848 1032 1008 1282 1030 1732 1096 1020 1089 1572 1459 1549 1887 1045 1666 1987 1538 1214 1540 1645 1557 1026 1898 1459 1546 1306 BCNSPRNW ULIB Ver.6.0+V

เปลี่ยนเป็นภาษาไทย

Change to English
 แสดงรายละเอียดบรรณานุกรม
  กลับหน้าหลัก

Brief Record : Get Marc (ISO 2709) : E-mail record : QR code < ปิดหน้าต่าง
LEADER : 00000nam 2200000uu 4500
001    13399110295
003     ULIB
008    110428s2550||||th 000 0 tha d
020    9744913819
050  4 BQ4570.L5^bช2442 3/2550
100 0  ชุติปัญโญ.
245 10 ชีวิตที่เหนื่อยนักพักเสียบ้างดีไหม? /^cชุติปัญโญ.
250    พิมพ์ครั้งที่ 11.
260    กรุงเทพฯ :^bใยไหม,^c2550.
300    191 หน้า :^bภาพประกอบ ;^c21 ซม.
650  4 ธรรมะกับชีวิตประจำวัน.
650  4 การดำเนินชีวิต.
650  4 ชีวิต^xแง่ศาสนา^xพุทธศาสนา.
650  4 จิตวิทยาประยุกต์.
700 0  พระมหาวีระพันธ์ ชุติปัญโญ.
945    ^p159^l0^i030054
995     เกษร
999 ^a ใช้งานได้ทุกระบบ
รายการนี้ยังไม่มีแท็ก
คุณยังไม่ได้ล็อกอิน คุณสามารถมีกิจกรรมร่วมกับเว็บไซต์ได้ แต่ต้องล็อกอินก่อน ::
  ล็อกอิน

รายการสื่อสารสนเทศ

ลำดับที่ ประเภท เลขเรียก/บาร์โค้ด สถานที่ สถานะ
- ไม่พบข้อมูล -

รายการใกล้เคียง
    ผู้แต่ง [ชุติปัญโญ.]

    หัวเรื่อง [ธรรมะกับชีวิตประจำวัน.]
    หัวเรื่อง [การดำเนินชีวิต.]
    หัวเรื่อง [จิตวิทยาประยุกต์.]

BibComment


ยังไม่เคยถูกคอมเมนท์

คอมเมนท์ทรัพยากรรายการนี้
  คอมเมนท์: ชีวิตที่เหนื่อยนั..


 Copyright 2026. Bcnsprnw @Library